| 000 | 00392cam a2200145ua 4500 | ||
|---|---|---|---|
| 041 |
_aeng _h |
||
| 082 |
_a634.9 _bMCC/TR |
||
| 100 | _aMcCan, Charles . | ||
| 245 |
_aTrees of India: A popular handbook / _cCharles Mccan. _hTextual Documents |
||
| 260 |
_aMumbai : _bD B Taraporevala sons & Co. Pvt. Ltd. , _c2000. |
||
| 300 | _a178 ; . | ||
| 504 | _a | ||
| 942 | _cBK | ||
| 999 |
_c10777 _d10777 |
||